| 000 | 00387nam a2200133Ia 4500 | ||
|---|---|---|---|
| 008 | 170516s9999 xx 000 0 und d | ||
| 245 | _aCell Labeling and Tracking Method without Distorted Signals by Phagocytosis of Macrophages | ||
| 260 | _bTheranostics | ||
| 260 | _c2014 | ||
| 300 | _a4:4 | ||
| 650 | _xMedical Technology | ||
| 650 | _xMedtech | ||
| 856 | _uhttp://www.thno.org/v4i4 | ||
| 999 |
_c330077 _d330077 |
||